000 00285nam a22001097a 4500
008 170111b xxu||||| |||| 00| 0 eng d
020 _a080166148X
041 _aeng
080 _a618.2
245 _aCONCEPTUAL FOUNDATIONS OF PROFESSIONAL NURSING PRACTICE
_cCREASIA, J.L
942 _2udc
_cBK
999 _c2723
_d2723